000 01061nam a2200265 i 4500
001 bg
245 0 0 _aMały poradnik zarządzania gospodarstwem rolniczym /
_ckoordynacja Grażyna Niewęgłowska.
250 _aWyd. 11 uaktual. i rozsz. /
_baut. Jerzy Dwornikiewicz [et al.] ; oprac. informatyczne Tadeusz Żurawski.
260 _aWarszawa :
_bIERiGŻ,
_c2002.
300 _a152, [1] s. ;
_c21 cm +
_edyskietka.
490 1 _aMateriały Szkoleniowe / Instytut Ekonomiki Rolnictwa i Gospodarki Żywnościowej,
_x1231-2665 ;
_v9
504 _aBibliogr. przy rozdz.
650 9 _aGospodarstwo rolne
_xekonomika
_zPolska
650 9 _aKalkulacja kosztów
_xrolnictwo
_zPolska
655 _aPoradniki
700 1 _aDWORNIKIEWICZ, Jerzy
700 1 _aNIEWĘGŁOWSKA, Grażyna.
_eRed.
700 1 _aŻURAWSKI, Tadeusz.
_eOprac.
830 0 _aMateriały Szkoleniowe (Instytut Ekonomiki Rolnictwa i Gospodarki Żywnościowej) ;
_v9
040 _cBPK
041 0 _apol
080 _a631.16(438)(083.1)
942 _cKS
008 s pl f |000 0 pol
999 _c35417
_d35417
856 _uhttp://koha.tu.koszalin.pl/cgi-bin/koha/opac-detail.pl?biblionumber=35417
_yKatalog online BPK